Państwa świata z literą J - Statystyki

Ogólne statystyki
  • Ten quiz został rozwiązany 2 523 razy
    2 518 od ostatniego zresetowania
  • Średni wynik to 24 z 31
Statystyki odpowiedzi
Państwa % Poprawnych
Japonia
96%
Jemen
95%
Jordania
91%
Jamajka
88%
Rosja
81%
Grecja
80%
Szwecja
80%
Zjednoczone Emiraty Arabskie
79%
Tajlandia
78%
Turcja
78%
Francja
77%
Indonezja
77%
Malezja
76%
Szwajcaria
76%
Urugwaj
76%
Azerbejdżan
75%
Słowacja
75%
Gruzja
74%
Paragwaj
74%
Republika Południowej Afryki
74%
USA
74%
Arabia Saudyjska
73%
Tunezja
72%
Tajwan
71%
Chorwacja
70%
Bahrajn
68%
Gujana
68%
Mikronezja
66%
Kuwejt
65%
Wybrzeże Kości Słoniowej
63%
Mjanma
59%
Nie znaleziono quizów pasujących do podanych kryteriów
Rozkład punktacji
Procent ludzi z każdym wynikiem
Percentyl według liczby udzielonych odpowiedzi
Twoja historia wyników
Nie rozwiązałeś tego quizu od ostatniego zresetowania